COMPUTER SHOPPER / (Record no. 25840)
[ view plain ]
| 000 -الفاتح | |
|---|---|
| حقل البيانات ثابتة الطول | 00365nam a2200157Ia 4500 |
| 008 - عناصر البيانات ثابتة الطول - معلومات عامة | |
| حقل البيانات ثابتة الطول | 140319s9999 xx 000 0 eng d |
| 040 ## - مصدر الفهرسة | |
| وكالة الفهرسة الأصلية | GCL / |
| وكالة النسخ | GCL |
| 082 04 - رقم تصنيف ديوى العشرى | |
| رقم التصنيف | 050 |
| 100 1# - المدخل الرئيسى - إسم شخصى | |
| الإسم الشخصى | XACOUB, EMILE |
| 245 10 - بيان العنوان | |
| العنوان | COMPUTER SHOPPER / |
| بيان المسئوليه,etc | XACOUB, EMILE |
| 650 04 - المدخل الاضافى بالموضوع-مصطلح موضوعى | |
| مصطلح موضوعي | شعر الحرب |
| 650 04 - المدخل الاضافى بالموضوع-مصطلح موضوعى | |
| مصطلح موضوعي | COMPUTER |
| 942 ## - عناصر المدخل الإضافي( كوها) | |
| مصدر التصنيف او مخطط الترفيف | Dewey Decimal Classification |
| Koha [default] item type | الدوريات |
| 260 ## - PUBLICATION, DISTRIBUTION, ETC. (IMPRINT) | |
| -- | [S.N] : |
| -- | NO |
| حالة التراجع | حالة الفقد | حالة تلف | ليس للاعارة | المكان المؤقت | الموقع الحالى | تاريخ الاكتساب | اجمالي اﻻعارات | رقم الطلب | الباركود | تاريخ اخر مشاهدة | تاريخ تفعيل السعر | نوع وعاء كوها |
|---|---|---|---|---|---|---|---|---|---|---|---|---|
| مكتبة القاهرة الكبرى | مكتبة القاهرة الكبرى | 03/26/2014 | 050 | 45749 | 03/26/2014 | 03/26/2014 | الدوريات | |||||
| مكتبة القاهرة الكبرى | مكتبة القاهرة الكبرى | 03/26/2014 | 050 | 45750 | 03/26/2014 | 03/26/2014 | الدوريات | |||||
| مكتبة القاهرة الكبرى | مكتبة القاهرة الكبرى | 03/26/2014 | 050 | 45751 | 03/26/2014 | 03/26/2014 | الدوريات | |||||
| مكتبة القاهرة الكبرى | مكتبة القاهرة الكبرى | 03/26/2014 | 050 | 45752 | 03/26/2014 | 03/26/2014 | الدوريات | |||||
| مكتبة القاهرة الكبرى | مكتبة القاهرة الكبرى | 03/26/2014 | 050 | 45753 | 03/26/2014 | 03/26/2014 | الدوريات | |||||
| مكتبة القاهرة الكبرى | مكتبة القاهرة الكبرى | 03/26/2014 | 050 | 45754 | 03/26/2014 | 03/26/2014 | الدوريات | |||||
| مكتبة القاهرة الكبرى | مكتبة القاهرة الكبرى | 03/26/2014 | 050 | 45755 | 03/26/2014 | 03/26/2014 | الدوريات | |||||
| مكتبة القاهرة الكبرى | مكتبة القاهرة الكبرى | 03/26/2014 | 050 | 45756 | 03/26/2014 | 03/26/2014 | الدوريات | |||||
| مكتبة القاهرة الكبرى | مكتبة القاهرة الكبرى | 03/26/2014 | 050 | 45757 | 03/26/2014 | 03/26/2014 | الدوريات | |||||
| مكتبة القاهرة الكبرى | مكتبة القاهرة الكبرى | 03/26/2014 | 050 | 45758 | 03/26/2014 | 03/26/2014 | الدوريات |

